000 00599nam a2200205 a 4500
001 0758
005 20140414131858.0
008 040929s19uu xx 00 eng d
020 _a971-508-011-1
050 _aFIL
_bM41 1995
100 _aAlmario, Virgilio S.
245 _aMatandang matabang pusa :
_cby Virgilio S. Almario ; illustrations by Felix Mago Miguel.
_bthe old fat cat /
260 _aManila :
_bAklat Adarna,
_c1995.
300 _ap. : ill. ; cm.
440 _aUNICEF
650 _aCat
_xFiction.
650 _aFilipino stories.
650 _aChildren stories.
999 _c110547
_d110547